000
00228nam a22000857a 4500
999
_c
11511
_d
11511
008
190530b ||||| |||| 00| 0 eng d
020
_a
9780310738305
100
_9
7228
_a
LEWIS GREGG ET AL
245
_a
GIFTED HANDS THE BEN CARSON STORY